000 00907nam a2200217 u 4500
001 000146030
003 AM-YEHGA
005 20250617123010.0
008 030329s1970 un |||||||||||||||||rus d
040 _aAM-YeHGA
041 0 _arus
111 2 _aРегиональное петрографическое совещание по Европейской части СССР
245 1 0 _aПетрография докембрия русской платформы :
_b(Труды первого регионального петрографического совещания по Европейской части СССР) /
_cИ.С. Усенко, К.О. Кратц и др.
260 _aКиев :
_bНаук. думка,
_c1970.
300 _a438 с.
650 1 4 _aПетрография
700 1 _aУсенко, И.С.
700 1 _aКратц, К.О.
942 _2udc
_cBK
090 _c50091
999 _c49323
_d49323